000 00750nam a2200217Ii 4500
003 JO-AjNU
008 230605s9999||||xx |||||||||||||| ||und||
017 _a2012/21146
020 _a978-977-6223-42-4
040 _aJO-AjNU
_bara
_erda
_cJO-AjNU
041 _aara
050 1 4 _aK5301.2012
100 3 _a البهجي ، إيناس محمد ، المصري ، يوسف ,
_eauthor
_944933
245 0 0 _aالجريمة في القانون الدولي والشريعة الإسلامية
250 _aط1
264 3 1 _aالقاهرة : المركز القومي للاصدارات القانونية ، 2012
300 _a579ص
336 _atext
_btxt
_2rdacontent
337 _aunmediated
_bn
_2rdamedia
338 _avolume
_bnc
_2rdacarrier
999 _aA19439
_c23007
_d23007